Loading...
| Fine Arts - Auditory Fine Arts | 2 | 5.00 | 50% | 0% | 0% |
| Fine Arts - Other Fine Arts | 1 | 10.00 | 100% | 0% | 0% |
| Fine Arts - Visual Fine Arts | 5 | 10.00 | 100% | 0% | 0% |
| Geography | 1 | 20.00 | 100% | 100% | 0% |
| History - American History | 3 | 13.33 | 100% | 33% | 0% |
| History - European History | 1 | 0.00 | 0% | 0% | 0% |
| History - Other History | 1 | 0.00 | 0% | 0% | 0% |
| History - World History | 4 | 7.50 | 75% | 0% | 0% |
| Literature - American Literature | 4 | 10.00 | 100% | 0% | 0% |
| Literature - British Literature | 4 | 10.00 | 100% | 0% | 0% |
| Literature - European Literature | 2 | 10.00 | 100% | 0% | 0% |
| Literature - World Literature | 4 | 12.50 | 100% | 25% | 0% |
| Mythology | 2 | 5.00 | 50% | 0% | 0% |
| Philosophy | 6 | 15.00 | 100% | 33% | 17% |
| Pop Culture | 1 | 20.00 | 100% | 100% | 0% |
| Religion | 3 | 13.33 | 100% | 33% | 0% |
| Science - Biology | 2 | 10.00 | 100% | 0% | 0% |
| Science - Chemistry | 1 | 20.00 | 100% | 100% | 0% |
| Science - Other Science | 1 | 20.00 | 100% | 100% | 0% |
| Science - Physics | 2 | 15.00 | 100% | 50% | 0% |
| Social Science | 3 | 10.00 | 100% | 0% | 0% |